B35_小学校5年生で習う漢字で書けるようになる市区町村 - Statistics

General Stats
  • This quiz has been taken 8 times
  • The average score is 115 of 122
Answer Stats
都道府県名 種類 市町村名 % Correct
神奈川県 厚木市
100%
北海道 厚岸町
100%
北海道 厚真町
100%
島根県 海士町
100%
青森県 田舎館村
100%
北海道 歌志内市
100%
福井県 永平寺町
100%
宮城県 大河原町
100%
千葉県 大多喜町
100%
高知県 大豊町
100%
岐阜県 各務原市
100%
大阪府 河南町
100%
岐阜県 可児市
100%
山形県 河北町
100%
奈良県 河合町
100%
大阪府 河内長野市
100%
茨城県 河内町
100%
福島県 喜多方市
100%
和歌山県 紀の川市
100%
三重県 紀北町
100%
和歌山県 紀美野町
100%
沖縄県 金武町
100%
埼玉県 久喜市
100%
愛媛県 久万高原町
100%
沖縄県 久米島町
100%
岡山県 久米南町
100%
福岡県 久留米市
100%
熊本県 合志市
100%
愛媛県 西条市
100%
茨城県 境町
100%
鳥取県 境港市
100%
長野県 佐久市
100%
奈良県 桜井市
100%
茨城県 桜川市
100%
長崎県 佐世保市
100%
新潟県 三条市
100%
石川県 志賀町
100%
埼玉県 志木市
100%
愛知県 設楽町
100%
鹿児島県 志布志市
100%
北海道 士別市
100%
茨城県 下妻市
100%
茨城県 常総市
100%
福島県 白河市
100%
山口県 周防大島町
100%
岡山県 総社市
100%
三重県 大紀町
100%
兵庫県 多可町
100%
佐賀県 多久市
100%
愛知県 武豊町
100%
山梨県 都留市
100%
山梨県 道志村
100%
東京都 特別区 豊島区
100%
沖縄県 豊見城市
100%
愛知県 豊明市
100%
兵庫県 豊岡市
100%
愛知県 豊川市
100%
愛知県 豊田市
100%
北海道 豊富町
100%
大阪府 豊中市
100%
愛知県 豊根村
100%
大阪府 豊能町
100%
愛知県 豊橋市
100%
愛知県 長久手市
100%
石川県 中能登町
100%
沖縄県 名護市
100%
三重県 名張市
100%
秋田県 能代市
100%
石川県 能登町
100%
石川県 能美市
100%
東京都 東久留米市
100%
岡山県 備前市
100%
茨城県 常陸太田市
100%
茨城県 常陸大宮市
100%
山梨県 富士河口湖町
100%
山梨県 富士川町
100%
静岡県 富士市
100%
静岡県 富士宮市
100%
埼玉県 富士見市
100%
長野県 富士見町
100%
福岡県 豊前市
100%
大分県 豊後大野市
100%
大分県 豊後高田市
100%
山口県 防府市
100%
北海道 増毛町
100%
栃木県 益子町
100%
島根県 益田市
100%
香川県 三豊市
100%
北海道 夕張市
100%
神奈川県 湯河原町
100%
大分県 由布市
100%
北海道 足寄町
83%
茨城県 牛久市
83%
兵庫県 神河町
83%
鹿児島県 喜界町
83%
長野県 木祖村
83%
佐賀県 基山町
83%
茨城県 古河市
83%
千葉県 山武市
83%
福岡県 築上町
83%
東京都 調布市
83%
岡山県 奈義町
83%
北海道 名寄市
83%
千葉県 習志野市
83%
大阪府 能勢町
83%
北海道 比布町
83%
熊本県 益城町
83%
埼玉県 寄居町
83%
北海道 留別村
83%
北海道 留夜別村
83%
山形県 飯豊町
67%
北海道 枝幸町
67%
北海道 興部町
67%
北海道 新得町
67%
愛知県 豊山町
67%
北海道 西興部村
67%
埼玉県 飯能市
67%
福岡県 久山町
67%
鹿児島県 屋久島町
67%
北海道 余市町
67%
福岡県 大任町
50%
北海道 様似町
50%
No matching quizzes found
Score Distribution
Percent of People with Each Score
Percentile by Number Answered
Your Score History
You have not taken this quiz